| 000 | 01917nam0a2200313 i 4500 | ||
|---|---|---|---|
| 001 | RU\NLR\bibl\1992937 | ||
| 005 | 20260407102436.0 | ||
| 021 |
_aRU _b2012-102114 _97524 |
||
| 035 | _a(NLR Aleph) 001981426 | ||
| 090 |
_a4095995 _c4095995 |
||
| 100 | _a20130128d2012 u y0rusy50 ca | ||
| 101 | 0 | _arus | |
| 102 | _aRU | ||
| 105 | _ac ||||||||| | ||
| 200 | 1 |
_aПапонов Алексей Николаевич доктор- сельскохозяйственных наук, профессор _eбиобиблиография _fМ-во сел. хоз-ва Рос. Федерации, Федер. гос. бюджет. образоват. учреждение высш. проф. образования "Перм. гос. с.-х. акад. им. акад. Д.Н. Прянишникова" _g[сост.: А.Я. Дьячков, О.В. Берестнева] |
|
| 210 |
_aПермь _cФГБОУ ВПО Пермская ГСХА _d2012 |
||
| 215 |
_a50 с. _cпортр. _d21 |
||
| 225 | 1 | _aУченые Пермской государственной сельскохозяйственной академии имени академика Д.Н. Прянишникова | |
| 600 | 1 |
_aПапонов _bА.Н. _f1931 - 2019 _gАлексей Николаевич _jБиобиблиография _92138947 _3RU\NLR\auth\661593877 |
|
| 686 | _aП1д(2)Папонов | ||
| 702 | 1 |
_aДьячков _bА. Я. _gАлександр Яковлевич _4220 |
|
| 702 | 1 |
_4570 _7ca _8rus _aПапонов _bА. Н. _f1931-2019 _gАлексей Николаевич _9189483 _3RU\NLR\AUTH\770189534 |
|
| 712 | 0 | 2 |
_4570 _aПермская государственная сельскохозяйственная академия им. Д. Н. Прянишникова _9615520 _3RU\NLR\AUTH\8810057292 |
| 801 | 0 |
_aRU _bNLR _c20130128 _gRCR |
|
| 801 | 1 |
_aRU _bNLR _c20130128 |
|
| 942 | _cBOOK | ||
| 980 | _aNBR | ||